000 00285nam a22001337a 4500
008 171227b xxu||||| |||| 00| 0 eng d
020 _a327810
041 _aeng
080 _a82
100 _a21
101 _aGJL
245 _aPoetry: Premeditated Art
_cJerome, J
942 _2udc
_cBK
999 _c39446
_d39446